• 首页
  • 本馆介绍
  • 公告通知
  • 最新文献
  • 馆藏检索
  • 电子资源
  • 读者导购
  • 参考咨询
  • 我的图书馆
  • 登录
  • 详细信息显示
  • 放入我的书架
  • 预约/预借图书
  • 作者相关作品
  • 分类相关作品
  • 丛书相关作品
  • 出版社相关作品

书目信息

  • 表格格式
  • 工作单格式
  • 卡片格式
题名:
次第花开
    
 
作者: 希阿荣博堪布 著
分册:  
出版信息: 海口   海南出版社  2011
页数: 285页
开本: 23cm
丛书名: 扎西持林丛书
单 册:
中图分类: B948-53
科图分类:
主题词: 佛教--文集
电子资源:
ISBN: 978-7-5443-3479-2
000 00887nam0 2200253 450
001 0104184567
005 20170714162324.0
010    @a978-7-5443-3479-2@dCNY39.80
100    @a20170509e20172011em y0chiy0120 ea
101 0  @achi
102    @aCN@b460000
105    @aa z 000yd
106    @ar
200 1  @a次第花开@9Ci Di Hua Kai @e藏人精神保持愉悦的秘密@f希阿荣博堪布著@b专著
210    @a海口@c海南出版社@d2011@h2017重印
215    @a285页@c照片,图@d23cm
225 1  @a扎西持林丛书
330    @a本书是希阿荣博堪布近两年来所写的心灵随笔集,收录作品包括《珍宝人生》《安乐》《从玉树说起》《入佛门》《如何做功课》等。
517 1  @a藏人精神保持愉悦的秘密@9zang ren jing shen bao chi yu yue de mi mi
606 0  @a佛教@j文集
690    @aB948-53@v5
701  0 @a希阿荣博堪布@f(1963~)@4著@9xi a rong bo kan bu
801  0 @aCN@bAZmarc@c20230904
905    @aBZT@dB948@e46@f1@sB948/46
    
    次第花开:藏人精神保持愉悦的秘密/希阿荣博堪布著.-海口:海南出版社,2011(2017重印)
    285页:照片,图;23cm.-(扎西持林丛书)
    
    
    ISBN 978-7-5443-3479-2:CNY39.80
    本书是希阿荣博堪布近两年来所写的心灵随笔集,收录作品包括《珍宝人生》《安乐》《从玉树说起》《入佛门》《如何做功课》等。
●
相关链接 在五车中查询图书 在当当中查询图书 在豆瓣中查询图书


正题名:次第花开     索取号:B948/46         预约/预借

序号 登录号 条形码 馆藏地/架位号 状态 备注
1 2000002255   2000002255   旧书回溯/ [索取号:B948/46] 在馆    
山东省滨州职业学院图书馆 欢迎您!
大连网信软件有限公司© 版权所有